LEADER 01452nam a2200253 i 4500 001 000000009256 003 CaOOAMICUS 005 20230609132856.0 008 180830s1767 it u000 u ita u 040 $aSeMil$bita 100 1 $aMassini, Carlo,$d.$0(OLS)http://semarc/name/4370 245 10$aSeconda raccolta di vite de' Santi per ciaschedun giorno dell'anno ovvero Appendice alla raccolta delle vite de' Santi pubblicata l'anno 1763. Si premette la vita della Santissima Vergine Maria Madre di Dio. Tomo 1. [-2.]. 260 $aIn Roma :$bNella Stamperia di Marco Pagliarini,$c1767. 300 $a2 v. ;$c4°. 500 $aFront. in cornice xilogr. - Stemma xilogr. (iniziali PX) sui front. 500 $aIl nome dell'A. dalla dedicatoria a c. *4r del v.1 650 4$aAgiografia.$0(OLS)http://semarc/subject/327 650 4$aSanti - Enciclopedie e dizionari.$0(OLS)http://semarc/subject/813 700 1 $aPagliarini, Marco,$c.$0(OLS)http://semarc/name/4573 774 0 $tTomo 1.$g1$w()91706 774 0 $tTomo 2.$g2$w()247777 996 $6245$aSeconda raccolta di vite de' Santi per ciaschedun giorno dell'anno ovvero Appendice alla raccolta delle vite de' Santi pubblicata l'anno 1763. Si premette la vita della Santissima Vergine Maria Madre di Dio. Tomo 1. [-2.]$9(OLS)http://semarc/title/12224 996 $6260$aIn Roma :$bNella Stamperia di Marco Pagliarini$9(OLS)http://semarc/publisher/32512 LEADER 00727nam a2200193 i 4500 001 000000209098 003 CaOOAMICUS 005 20190828151425.0 008 111205s1901 gw u000 u ger u 013 $a187887 040 $aSeMil$bita 100 1 $aSybel, Heinrich : von,$d<1817-1895>.$0(OLS)http://semarc/name/11554 245 10$a5. Band. 300 $aIX, 349 p. 773 0 $aSybel, Heinrich : von, <1817-1895>$tBegründung des Deutschen Reiches durch Wilhelm 1..$bVolksausgabe.$dMünchen ; Berlin : R. Oldenbourg, 1901.$g5$w()25955 850 $aSeMil 852 $aSeMil$W1$xVenegono$y1$m3T III 124$j159552$B159552$CSeMilBibl$Z2$F170610 $81 996 $6245$a5. Band$9(OLS)http://semarc/title/125830